Využívanie odpadov vznikajúcich v potravinárskom priemysle pri spracovaní poľnohospodárskych produktov
Odpady ako vedľajší produkt a ich využitie v priemysle spracovania produktov ovocinárskej a zeleninárskej výroby, v cukrovarníckom priemysle, škrobárenskom priemysle, či farmaceutickom priemysle.
Enregistré dans:
| Auteur principal: | |
|---|---|
| Autres auteurs: | , |
| Format: | Chapitre de livre |
| Langue: | slovaque |
| Sujets: | |
| Tags: |
Pas de tags, Soyez le premier à ajouter un tag!
|
MARC
| LEADER | 00000naa a2200000 4500 | ||
|---|---|---|---|
| 001 | 0213293 | ||
| 005 | 20240502073543.0 | ||
| 041 | 0 | |a slo | |
| 044 | |a SK | ||
| 245 | 1 | 0 | |a Využívanie odpadov vznikajúcich v potravinárskom priemysle pri spracovaní poľnohospodárskych produktov |c Martin Mellen, Marián Sudzina, Michal Stričík |
| 520 | |a Odpady ako vedľajší produkt a ich využitie v priemysle spracovania produktov ovocinárskej a zeleninárskej výroby, v cukrovarníckom priemysle, škrobárenskom priemysle, či farmaceutickom priemysle. | ||
| 610 | 2 | 0 | |a odpad |
| 610 | 2 | 0 | |a poľnohospodárstvo |
| 610 | 2 | 0 | |a potravinárstvo |
| 610 | 2 | 0 | |a priemysel spracovateľský |
| 610 | 2 | 0 | |a priemysel farmaceutický |
| 610 | 2 | 0 | |a priemysel cukrovarnícky |
| 100 | 1 | |a Mellen, Martin | |
| 700 | 1 | |a Sudzina, Marián | |
| 700 | 1 | |a Stričík, Michal, 1969- | |